Normal view
MARC view
Entry Personal Name
001 - CONTROL NUMBER
- control field: 168099
003 - CONTROL NUMBER IDENTIFIER
- control field: OSt
005 - DATE AND TIME OF LATEST TRANSACTION
- control field: 20220923224545.0
008 - FIXED-LENGTH DATA ELEMENTS
- fixed length control field: 220923|| aca||aabn | a|a d
040 ## - CATALOGING SOURCE
- Original cataloging agency: OSt
- Transcribing agency: OSt
100 ## - HEADING--PERSONAL NAME
- Personal name: माओत्से - तुंग; मिश्र, शिवकुमार, संपा
670 ## - SOURCE DATA FOUND
- Source citation: Work cat.: (OSt)372190: माओत्से - तुंग; मिश्र, शिवकुमार, संपा., कला, साहित्य और संस्कृति, 1994
